000 00800 a2200181 4500
003 Nust
005 20220817120656.0
020 _a8176353019
040 _cNust
082 _a005.133,THA
100 _aThakkar Meghraj
_978249
245 _aSams Teach Yourself Oracle 8i on Windows NT :
_bin 24 Hours /
_cMeghraj Thakkar
260 _aDelhi
_bTechmedia
_c1999:
300 _a597:P.:
505 _aPart-1: Getting Started with Oracle on Window NT (Page-5), Part-2: Building Database (Page-101), Part-3: Working With Oracle Utilities (Page-189),Part-4: Protecting Your Database (Page-277), Part-5: Tuning and Troubleshooting Database (Page-373), Part-6: Windows NT Clustering Solutions and the World Wide Web (Page-455).
650 _aWindows, Computer Science
_997733
942 _2ddc
_cBK
_k005.133,THA
999 _c180357
_d180357